BCIS Civil Engineering Market Report (Record no. 108656)

MARC details
000 -LEADER
fixed length control field 01999cad a22002775a 4500
001 - CONTROL NUMBER
control field L144925
008 - FIXED-LENGTH DATA ELEMENTS--GENERAL INFORMATION
fixed length control field 080820s2008 xxkd f s 000 0 eng d
035 ## - SYSTEM CONTROL NUMBER
System control number (Sirsi) u144925
041 0# - LANGUAGE CODE
Language code of text/sound track or separate title eng
050 04 - LIBRARY OF CONGRESS CALL NUMBER
Classification number 690.23 $2 18
110 2# - MAIN ENTRY--CORPORATE NAME
Corporate name or jurisdiction name as entry element Building Cost Information Service
9 (RLIN) 1096
245 00 - TITLE STATEMENT
Title BCIS Civil Engineering Market Report
Medium [electronic resource]
260 ## - PUBLICATION, DISTRIBUTION, ETC.
Date of publication, distribution, etc. 2008
490 #0 - SERIES STATEMENT
Series statement BCIS Civil Engineering Market Report
Volume/sequential designation August 2008
505 2# - FORMATTED CONTENTS NOTE
Formatted contents note Summary -- Trends in costs -- Trends in demand -- Demand forecast -- Cost forecast
520 ## - SUMMARY, ETC.
Summary, etc. Presents civil engineering costs, demand and output in engineering work. Forecasts civil engineering costs for the second half of 2008 and the year 2009. Shows that civil engineering costs increased sharply in the first half of 2008. Explains that labour and plant costs increased about the rate of inflation. Suggests that infrastructure output is 4% higher in the first quarter of 2008 than it was in the previous quarter. Reports that orders for infrastructure work increased considerably. Mentions that output was bad for all sectors, except electricity. Predicts that, due to the slowdown in the economy, infrastructure will be one of the few sectors having a growth over the next few years and most of the demand will come from the public sector. Forecasts that overall salaries will have a lower increase in 2009 than in 2008. Predicts that oil prices will continue to rise. Concludes that overall civil engineering costs should increase to 6.5% in 2008 and 6.0% in 2009.
521 ## - TARGET AUDIENCE NOTE
Target audience note Advanced
590 ## - LOCAL NOTE (RLIN)
Local note KA NTK
650 24 - SUBJECT ADDED ENTRY--TOPICAL TERM
Topical term or geographic name entry element BCIS GENERAL BUILDING COST INDEX
650 24 - SUBJECT ADDED ENTRY--TOPICAL TERM
Topical term or geographic name entry element BCIS GENERAL CIVIL ENGINEERING INDEX
651 #4 - SUBJECT ADDED ENTRY--GEOGRAPHIC NAME
Geographic name England and Wales
Chronological subdivision 1543-
690 ## - LOCAL SUBJECT ADDED ENTRY--TOPICAL TERM (OCLC, RLIN)
Topical term or geographic name as entry element BUILT ENVIRONMENT-ENGINEERING-CIVIL ENGINEERING
690 ## - LOCAL SUBJECT ADDED ENTRY--TOPICAL TERM (OCLC, RLIN)
Topical term or geographic name as entry element BUILT ENVIRONMENT-CONSTRUCTION MARKET
856 40 - ELECTRONIC LOCATION AND ACCESS
Uniform Resource Identifier <a href="https://www.rics.org/Global/Downloads/BCISCivilEngineeringMarketReport200808.pdf">https://www.rics.org/Global/Downloads/BCISCivilEngineeringMarketReport200808.pdf</a>
Public note View this report free of charge at www.bcis.co.uk
942 ## - ADDED ENTRY ELEMENTS (KOHA)
Suppress in OPAC 0
Holdings
Withdrawn status Lost status Source of classification or shelving scheme Damaged status Not for loan Home library Current library Shelving location Date acquired Total Checkouts Full call number Barcode Date last seen Copy number Price effective from Koha item type
    Dewey Decimal Classification     Virtual Virtual Online 20/08/2008   ONLINE PUBLICATION 144925-2001 06/08/2019 1 06/08/2019 Book